Zánik daňovej povinnosti pri dani z motorových vozidiel a jeho dôsledok
Zánik daňovej povinnosti v dani z motorových vozidiel podľa zákona č. 361/2014 Z. z. o dani z motorových vozidiel a o zmene a doplnení niektorých zákonov v z. n. p. s konkrétne pomenovanými dôvodmi, ktoré ho podmieňujú. Daňové súvislosti v oblastiach: vyradenie alebo dočasné vyradenie vozidla z evid...
Gespeichert in:
| 1. Verfasser: | |
|---|---|
| Format: | Buchkapitel |
| Sprache: | Slowakisch |
| Schlagworte: | |
| Tags: |
Keine Tags, Fügen Sie das erste Tag hinzu!
|
MARC
| LEADER | 00000naa a2200000 4500 | ||
|---|---|---|---|
| 001 | 0282281 | ||
| 005 | 20220302161013.9 | ||
| 041 | 0 | |a slo | |
| 044 | |a SK | ||
| 245 | 1 | 0 | |a Zánik daňovej povinnosti pri dani z motorových vozidiel a jeho dôsledok |c Jana Fülöpová |
| 520 | |a Zánik daňovej povinnosti v dani z motorových vozidiel podľa zákona č. 361/2014 Z. z. o dani z motorových vozidiel a o zmene a doplnení niektorých zákonov v z. n. p. s konkrétne pomenovanými dôvodmi, ktoré ho podmieňujú. Daňové súvislosti v oblastiach: vyradenie alebo dočasné vyradenie vozidla z evidencie vozidiel v SR, ukončenie alebo prerušenie podnikania, vydanie potvrdenia orgánu policajného zboru o odcudzení vozidla, zánik daňovníka bez likvidácie, vykonávanie zápisu prevodu držby vozidla do dokladov vozidla a ukončenie používania vozidla daňovníkom, s názornými príkladmi. | ||
| 610 | 2 | 0 | |a dane z vozidiel motorových |
| 610 | 2 | 0 | |a vozidlá motorové |
| 610 | 2 | 0 | |a evidencia daňová |
| 610 | 2 | 0 | |a daňovníci |
| 610 | 2 | 0 | |a podnikanie |
| 610 | 2 | 0 | |a zákony |
| 610 | 2 | 0 | |a právo daňové |
| 100 | 1 | |a Fülöpová, Jana | |